Merit Made Easy: (Record no. 205882)

MARC details
000 -LEADER
fixed length control field 00615nam a22001937a 4500
005 - DATE AND TIME OF LATEST TRANSACTION
control field 20240925145256.0
010 ## - LCCN (DPL NO)
LC control number ENG-141770
020 ## - INTERNATIONAL STANDARD BOOK NUMBER
International Standard Book Number 9789356842557
Terms of availability 250.00
035 ## - SYSTEM CONTROL NUMBER
System control number EN-125302
037 ## - SOURCE OF ACQUISITION
Source of stock number/acquisition DBAD
082 ## - DEWEY DECIMAL CLASSIFICATION NUMBER
Classification number 158.1
100 ## - MAIN ENTRY--PERSONAL NAME
Personal name Sharma, Vinod
245 ## - TITLE STATEMENT
Title Merit Made Easy:
Remainder of title With Brain Science/
Statement of responsibility, etc By Vinod Sharma
250 ## - EDITION STATEMENT
Edition statement 1
260 ## - PUBLICATION, DISTRIBUTION, ETC. (IMPRINT)
Place of publication, distribution, etc New Delhi
Name of publisher, distributor, etc Diamond Pocket Books
Date of publication, distribution, etc 2024
270 ## - ADDRESS
Address X- 30, Okhla Industrial Area, Phase-II
City New Delhi
Postal code 110020
Electronic mail address wecare@diamondbooks.in
Telephone number 011-40712100
-- 011-41611861
300 ## - PHYSICAL DESCRIPTION
Extent 218p.
Dimensions 22cm(pb)
942 ## - ADDED ENTRY ELEMENTS (KOHA)
Source of classification or shelving scheme Dewey Decimal Classification
Item type English Books
Classification part 158.1
Call number suffix SHA
Holdings
Withdrawn status Lost status Not for loan Collection code Home library Current library Date acquired Source of acquisition Cost, normal purchase price Full call number Barcode Copy number Cost, replacement price Koha item type
      Non-fiction Vinoba Puri Vinoba Puri 25/09/2024 Delivery of Books Act Division 250.00 158.1 SHA EN-125302 1 250.00 English Books

© Delhi Public Library
Hit Counter
free hit counter